000 00383nam a2200157Ia 4500
003 LK-CoDNM
005 20240924100510.0
008 010623t1923 xxu||||| |||| 00| 1 eng d
040 _aLK-CoDNM
_dLK-CoDNM
_eLK-CoDNM
041 _aeng
080 _a15
_bD22
245 _aThe Ceylon Penal Code
260 _bH.Ross Cottle
_aColombo
_c1923
300 _b380p. ; 24 cm
942 _cBK
999 _c91601
_d91601